[Event "K41 Foraars EMT Gruppe D 2011"]
[Site "Valby"]
[Date "2011.03.15"]
[Round "1"]
[White "Krogh, Soren"]
[Black "Christensen, Aage Niels"]
[Result "0-1"]
[WhiteElo "1265"]
[BlackElo "1511"]
[PlyCount "60"]
[EventDate "2011.??.??"]

1. c4 Nf6 2. Nc3 d5 3. d4 c6 4. Nf3 e6 5. Bg5 Be7 6. e3 Nbd7 7. Bd3 dxc4 8.
Bxc4 O-O 9. O-O Re8 10. Rc1 h6 11. Bh4 Nd5 12. Bg3 Nxc3 13. Rxc3 Bf6 14. Rd3
Qe7 15. e4 e5 16. d5 cxd5 17. Bxd5 Nb6 18. Bb3 Bg4 19. a4 Rad8 20. a5 Rxd3 21.
Qxd3 Rd8 22. Qb5 Bd7 23. Qe2 Na4 24. Bd5 Qb4 25. Nxe5 Be6 26. Nc4 Qb5 27. Bxe6
fxe6 28. e5 Be7 29. f4 Rc8 30. Rc1 Nxb2 0-1

[Event "K41 Foraars EMT Gruppe D 2011"]
[Site "Valby"]
[Date "2011.03.15"]
[Round "1"]
[White "Haagen Larsen, Hans"]
[Black "Sandbech, Ted"]
[Result "0-1"]
[WhiteElo "1488"]
[BlackElo "1695"]
[PlyCount "82"]
[EventDate "2011.??.??"]

1. d4 d5 2. Bf4 c5 3. e3 e6 4. Nf3 Nf6 5. Be2 Nc6 6. c3 Be7 7. h3 O-O 8. Nbd2
cxd4 9. exd4 Bd7 10. Qb3 Na5 11. Qc2 Rc8 12. b3 Bb4 13. c4 dxc4 14. bxc4 Nd5
15. Bg3 Nxc4 16. Bxc4 b5 17. O-O Bxd2 18. Nxd2 bxc4 19. Rfc1 Bb5 20. Ne4 Rc6
21. Nc5 Rc8 22. a4 Bc6 23. Rab1 a5 24. Qxc4 Nb6 25. Qb3 Nd5 26. Nb7 Bxb7 27.
Qxb7 Nc3 28. Qb2 Nxb1 29. Rxc8 Qxc8 30. Qxb1 Qc4 31. Bd6 Rc8 32. Qb7 Qc6 33.
Qxc6 Rxc6 34. Bc5 e5 35. Kf1 exd4 36. Bxd4 Rc4 37. Bb6 Rxa4 38. g4 Ra1+ 39. Ke2
a4 40. h4 a3 41. h5 a2 0-1

[Event "K41 Foraars EMT Gruppe D 2011"]
[Site "Valby"]
[Date "2011.03.15"]
[Round "1"]
[White "Wadtland, Flemming"]
[Black "Ibsen, Johan"]
[Result "0-1"]
[WhiteElo "1493"]
[BlackElo "1657"]
[PlyCount "60"]
[EventDate "2011.??.??"]

1. Nf3 Nf6 2. c4 g6 3. d4 c5 4. Nc3 cxd4 5. Nxd4 Bg7 6. e3 O-O 7. Bd3 Nc6 8.
Nxc6 bxc6 9. O-O d5 10. cxd5 cxd5 11. Qe2 Bg4 12. f3 Bd7 13. Rd1 Qb6 14. Kh1
Rac8 15. Rb1 Rfd8 16. e4 dxe4 17. Nxe4 Bc6 18. b4 Nxe4 19. fxe4 Rd7 20. b5 Bb7
21. Bf4 Rcd8 22. Rb3 Qe6 23. h3 Bxe4 24. Qxe4 Qxe4 25. Bxe4 Rxd1+ 26. Kh2 R1d4
27. Re3 f5 28. Bc7 R8d7 29. b6 axb6 30. Bxb6 Rxe4 0-1

[Event "K41 Foraars EMT Gruppe D 2011"]
[Site "Valby"]
[Date "2011.03.22"]
[Round "2"]
[White "Christensen, Aage Niels"]
[Black "Sandbech, Ted"]
[Result "1/2-1/2"]
[WhiteElo "1511"]
[BlackElo "1695"]
[PlyCount "47"]
[EventDate "2011.??.??"]

1. e4 d5 2. exd5 Qxd5 3. Nc3 Qa5 4. d4 c6 5. Nf3 Bg4 6. h3 Bh5 7. Bd2 Qc7 8.
Be2 e6 9. O-O Nf6 10. Re1 Be7 11. Qc1 Nbd7 12. Bf4 Bd6 13. Ne5 Bxe2 14. Rxe2
O-O 15. Nd3 Rfe8 16. Bxd6 Qxd6 17. Qf4 Qxf4 18. Nxf4 Rad8 19. Rd1 Nd5 20. Nfxd5
exd5 21. Rde1 Kf8 22. Kf1 Nf6 23. Rxe8+ Rxe8 24. Rxe8+ 1/2-1/2

[Event "K41 Foraars EMT Gruppe D 2011"]
[Site "Valby"]
[Date "2011.03.22"]
[Round "2"]
[White "Ibsen, Johan"]
[Black "Karup, Jesper"]
[Result "0-1"]
[WhiteElo "1657"]
[BlackElo "1759"]
[PlyCount "74"]
[EventDate "2011.??.??"]

1. e4 g6 2. f4 Bg7 3. Nc3 d6 4. Nf3 Nf6 5. d4 c6 6. Bd3 O-O 7. Be3 Qb6 8. Rb1
Nbd7 9. O-O Ng4 10. Qd2 Nxe3 11. Qxe3 e5 12. Ne2 Re8 13. c3 Nf6 14. fxe5 Ng4
15. Qc1 Bh6 16. Qe1 dxe5 17. h3 Ne3 18. Qh4 Kg7 19. Rf2 c5 20. Ng5 f6 21. Nf7
Kxf7 22. Qxh6 g5 23. Qxh7+ Ke6 24. Qh6 Qd8 25. d5+ Kf7 26. Bb5 Rg8 27. Rf3 a6
28. Ba4 b5 29. Rxe3 Rh8 30. Qxh8 Qxh8 31. Bc2 g4 32. hxg4 Bxg4 33. Ng3 Qh6 34.
Ree1 Rh8 35. Rbc1 Qh2+ 36. Kf2 Qh6 37. b3 Qf4+ 0-1

[Event "K41 Foraars EMT Gruppe D 2011"]
[Site "Valby"]
[Date "2011.03.22"]
[Round "2"]
[White "Krogh, Soren"]
[Black "Wadtland, Flemming"]
[Result "0-1"]
[WhiteElo "1265"]
[BlackElo "1493"]
[PlyCount "112"]
[EventDate "2011.??.??"]

1. c4 c5 2. Nc3 g6 3. Nf3 Bg7 4. e3 Nc6 5. d3 d6 6. Be2 e5 7. O-O f5 8. Bd2 Rb8
9. Rb1 a6 10. a3 Nf6 11. b4 cxb4 12. axb4 O-O 13. b5 axb5 14. cxb5 Ne7 15. Qb3+
Kh8 16. Ng5 d5 17. Kh1 h6 18. Nh3 b6 19. f4 e4 20. Nd1 exd3 21. Qxd3 Bb7 22.
Bf3 Ne4 23. Be1 Qc7 24. Bb4 Rfd8 25. Qe2 Ra8 26. Nhf2 d4 27. Nd3 Nd5 28. Bd2
Re8 29. Bxe4 Rxe4 30. Rf3 dxe3 31. Bb4 Rae8 32. Be1 Rc4 33. Qa2 Nc3 34. Nxc3
Bxc3 35. Rg3 Bxe1 36. Nxe1 Rxf4 37. Nf3 Qg7 38. h3 Rd8 39. Qe2 Re8 40. Rb3 Rfe4
41. Rd3 Qf6 42. Nh2 Kh7 43. Rf3 f4 44. Ng4 Qf7 45. Rd7 R4e7 46. Rd6 Bxf3 47.
gxf3 Re6 48. Rd3 h5 49. Nh2 Qf5 50. Rd7+ R8e7 51. Rxe7+ Rxe7 52. Kg2 Rc7 53.
Qd1 Rc2+ 54. Kh1 Rd2 55. Qe1 Qxh3 56. Qg1 e2 0-1

[Event "K41 Foraars EMT Gruppe D 2011"]
[Site "Valby"]
[Date "2011.03.22"]
[Round "2"]
[White "Ree, Morten"]
[Black "Haagen Larsen, Hans"]
[Result "0-1"]
[WhiteElo "1659"]
[BlackElo "1488"]
[PlyCount "117"]
[EventDate "2011.??.??"]

1. Nf3 d6 2. d4 g6 3. Bg5 Bg7 4. Nbd2 Nc6 5. c3 h6 6. Bh4 Bd7 7. e4 g5 8. Bg3
e5 9. d5 Nce7 10. Bc4 Ng6 11. Qc2 h5 12. h4 g4 13. Ng5 Bh6 14. O-O-O Bxg5 15.
hxg5 Qxg5 16. Qd3 N8e7 17. Qe3 Qxe3 18. fxe3 h4 19. Bf2 O-O-O 20. Rdf1 Rdf8 21.
Bd3 a6 22. Be1 f5 23. exf5 Bxf5 24. e4 Bd7 25. Rxf8+ Rxf8 26. Bxh4 Nxh4 27.
Rxh4 Ng6 28. Rh7 Nf4 29. Bf1 c6 30. Nc4 Kc7 31. g3 Ng6 32. Be2 b5 33. Bxg4 Rf1+
34. Kc2 Nf8 35. Nd2 Nxh7 36. Bxd7 Rg1 37. Bf5 Ng5 38. g4 c5 39. b3 Rg2 40. Kd3
Rg3+ 41. Kc2 a5 42. Nf1 Rg2+ 43. Nd2 Nf7 44. a4 bxa4 45. bxa4 Nh6 46. Kd3 Rg3+
47. Kc2 Nxg4 48. Nc4 Ne3+ 49. Nxe3 Rxe3 50. Kb3 Re1 51. Kc4 Kb6 52. Bg6 Re2 53.
Bf5 Rd2 54. Bd7 Rb2 55. Be8 Kc7 56. Bg6 Kd7 57. Bh5 Ke7 58. Bg4 Kf6 59. Kd3 0-1

[Event "K41 Foraars EMT Gruppe D 2011"]
[Site "Valby"]
[Date "2011.03.29"]
[Round "3"]
[White "Karup, Jesper"]
[Black "Krogh, Soren"]
[Result "1-0"]
[WhiteElo "1759"]
[BlackElo "1265"]
[PlyCount "77"]
[EventDate "2011.??.??"]

1. e4 Nc6 2. d4 d5 3. e5 Bf5 4. c3 e6 5. Bd3 Bg6 6. h4 Bxd3 7. Qxd3 Nge7 8. Nf3
Nc8 9. h5 Be7 10. h6 g6 11. Bf4 O-O 12. Qe3 Nb6 13. Nbd2 a5 14. Bg5 a4 15. O-O
Na5 16. b3 a3 17. Rfe1 c6 18. Nf1 Rc8 19. N1h2 Na8 20. Ng4 b6 21. Bxe7 Qxe7 22.
Nf6+ Kh8 23. Ng5 c5 24. Rac1 c4 25. b4 Nc6 26. Nfxh7 Rfd8 27. Qf4 Rd7 28. Re3
Nd8 29. Nf6 Ra7 30. h7 b5 31. Ng8 Qf8 32. Qf6+ Qg7 33. Qxg7+ Kxg7 34. h8=Q+
Kxh8 35. Nf6 Kg7 36. Rh3 Nb6 37. Rh7+ Kf8 38. Rh8+ Ke7 39. Re8# 1-0

[Event "K41 Foraars EMT Gruppe D 2011"]
[Site "Valby"]
[Date "2011.03.29"]
[Round "3"]
[White "Haagen Larsen, Hans"]
[Black "Ibsen, Johan"]
[Result "1/2-1/2"]
[WhiteElo "1488"]
[BlackElo "1657"]
[PlyCount "113"]
[EventDate "2011.??.??"]

1. d4 Nf6 2. Nf3 e6 3. Bf4 c5 4. e3 d5 5. c3 Nc6 6. Nbd2 Be7 7. Be2 O-O 8. h3
Bd7 9. Qb3 Na5 10. Qc2 cxd4 11. exd4 Rc8 12. O-O Nc6 13. Rfc1 a6 14. a4 Be8 15.
Qb3 Na5 16. Qa2 Nh5 17. Bh2 Bd6 18. b4 Bxh2+ 19. Nxh2 Nf4 20. Bf1 Nc6 21. b5
axb5 22. axb5 Ne7 23. Nhf3 Nf5 24. g3 Ng6 25. Qb2 Qd6 26. Ra7 Qb8 27. Rca1 Nd6
28. b6 Bc6 29. Rc1 f5 30. Ne5 Nxe5 31. dxe5 Ne4 32. c4 Nxd2 33. Qxd2 Qxe5 34.
Bg2 f4 35. Re1 Qd6 36. gxf4 Rxf4 37. cxd5 exd5 38. Rd1 Rd8 39. Qa2 Qg6 40. Kh1
Qd6 41. Ra8 Rxa8 42. Qxa8+ Rf8 43. Qa2 Rd8 44. Rd3 Kh8 45. Qa1 d4 46. Qb2 Bxg2+
47. Kxg2 Qg6+ 48. Rg3 Qe4+ 49. Kh2 h6 50. Qc1 Qe5 51. Kg1 Rf8 52. Rd3 Qf5 53.
Qd2 Qg6+ 54. Kf1 Qxb6 55. Rxd4 Qb1+ 56. Kg2 Qg6+ 57. Rg4 1/2-1/2

[Event "K41 Foraars EMT Gruppe D 2011"]
[Site "Valby"]
[Date "2011.03.29"]
[Round "3"]
[White "Sandbech, Ted"]
[Black "Ree, Morten"]
[Result "1/2-1/2"]
[WhiteElo "1695"]
[BlackElo "1659"]
[PlyCount "83"]
[EventDate "2011.??.??"]

1. Nf3 Nf6 2. d4 e6 3. c4 c5 4. e3 g6 5. Nc3 Bg7 6. Be2 O-O 7. O-O cxd4 8. exd4
d5 9. Bg5 Nc6 10. cxd5 exd5 11. Qb3 Re8 12. Bb5 Be6 13. Rfe1 Qb6 14. Bxf6 Bxf6
15. Nxd5 Bxd5 16. Rxe8+ Rxe8 17. Qxd5 Rd8 18. Qb3 Bxd4 19. Rf1 Na5 20. Qa4 Bxb2
21. Rb1 Bf6 22. h3 Qc7 23. Rd1 a6 24. Rxd8+ Qxd8 25. Be2 b5 26. Qc2 Qd6 27. Nd2
Qd4 28. Ne4 Qb6 29. Bd3 Nc6 30. Qe2 Ne5 31. Bc2 a5 32. Nd2 a4 33. Nf3 Nxf3+ 34.
Qxf3 Kg7 35. Qd3 Qc5 36. Kf1 Qc3 37. g3 Qa1+ 38. Bd1 b4 39. Kg2 a3 40. Bb3 Qc3
41. Qc4 Qxc4 42. Bxc4 1/2-1/2

[Event "K41 Foraars EMT Gruppe D 2011"]
[Site "Valby"]
[Date "2011.03.29"]
[Round "3"]
[White "Wadtland, Flemming"]
[Black "Christensen, Aage Niels"]
[Result "0-1"]
[WhiteElo "1493"]
[BlackElo "1511"]
[PlyCount "60"]
[EventDate "2011.??.??"]

1. c4 c5 2. g3 Nc6 3. Bg2 g6 4. d3 Bg7 5. Nd2 d6 6. a3 Bd7 7. Ngf3 Rb8 8. Qc2
Nh6 9. O-O Qc8 10. Ne4 O-O 11. Bf4 Nf5 12. Rab1 b5 13. b3 Nfd4 14. Qd1 Nxf3+
15. Bxf3 Rb6 16. Nxd6 exd6 17. Bxd6 Nd4 18. Bxf8 Nxf3+ 19. exf3 Kxf8 20. Re1 b4
21. axb4 Rxb4 22. Re2 Qb7 23. Qd2 Rxb3 24. Rbe1 Be6 25. Qg5 Qe7 26. Qd5 Bxd5
27. Rxe7 Be6 28. Rxa7 Rxd3 29. Rb1 Bd4 30. Ra8+ Kg7 0-1

[Event "K41 Foraars EMT Gruppe D 2011"]
[Site "Valby"]
[Date "2011.04.05"]
[Round "4"]
[White "Christensen, Aage Niels"]
[Black "Ree, Morten"]
[Result "1/2-1/2"]
[WhiteElo "1511"]
[BlackElo "1659"]
[PlyCount "53"]
[EventDate "2011.??.??"]

1. e4 c6 2. d4 d5 3. Nc3 dxe4 4. Nxe4 Nf6 5. Nxf6+ gxf6 6. Be3 Bf5 7. Bd3 Bg6
8. Ne2 e6 9. Qd2 Nd7 10. Nf4 Qc7 11. Bxg6 hxg6 12. Nd3 Rxh2 13. O-O-O Rxh1 14.
Rxh1 O-O-O 15. Rh7 Nb6 16. Qa5 Kb8 17. Bf4 Bd6 18. Bxd6 Rxd6 19. Qb4 Rd8 20.
Nc5 Qf4+ 21. Kb1 Qxd4 22. Qxd4 Rxd4 23. Rh8+ Nc8 24. Kc1 b6 25. c3 Rd5 26. Ne4
Kc7 27. Rf8 1/2-1/2

[Event "K41 Foraars EMT Gruppe D 2011"]
[Site "Valby"]
[Date "2011.04.05"]
[Round "4"]
[White "Ibsen, Johan"]
[Black "Sandbech, Ted"]
[Result "1/2-1/2"]
[WhiteElo "1657"]
[BlackElo "1695"]
[PlyCount "122"]
[EventDate "2011.??.??"]

1. e4 d5 2. exd5 Qxd5 3. Nc3 Qa5 4. b4 Qxb4 5. a4 Qd6 6. Ba3 Qe5+ 7. Be2 c6 8.
Nf3 Qc7 9. O-O Nf6 10. Re1 Nbd7 11. Bc4 Nb6 12. Ba2 e6 13. Bxf8 Kxf8 14. Qe2
Bd7 15. Ne5 Re8 16. Qe3 a6 17. Qc5+ Kg8 18. Re3 Nfd5 19. Re2 Nxc3 20. Qxc3 Nd5
21. Qf3 f6 22. Ng4 h5 23. Ne3 Qe5 24. Rb1 Nxe3 25. Rxe3 Qc7 26. Rbe1 Qd6 27.
Rd3 Qc7 28. Qe2 Kf8 29. Re3 e5 30. d4 Be6 31. Bxe6 Rxe6 32. dxe5 Rxe5 33. f4
Rxe3 34. Qxe3 Qd7 35. Qc5+ Kg8 36. h3 Kf7 37. a5 g6 38. Qc4+ Qd5 39. Qb4 c5 40.
Qb6 Rd8 41. c4 Qd7 42. Qxc5 Qd4+ 43. Qxd4 Rxd4 44. Rb1 Rd7 45. Rb6 Ke7 46. Kf2
Rc7 47. Ke3 Rxc4 48. Rxb7+ Kd6 49. Rg7 Rc5 50. Rxg6 Ke6 51. Kd4 Rxa5 52. Rg8
Ra2 53. Rd8 Kf5 54. g3 a5 55. Rh8 Kg6 56. Rg8+ Kh7 57. Rf8 Kg7 58. Ra8 Ra3 59.
Ra7+ Kg6 60. Ra8 Kg7 61. Ra7+ Kg6 1/2-1/2

[Event "K41 Foraars EMT Gruppe D 2011"]
[Site "Valby"]
[Date "2011.04.05"]
[Round "4"]
[White "Krogh, Soren"]
[Black "Haagen Larsen, Hans"]
[Result "0-1"]
[WhiteElo "1265"]
[BlackElo "1488"]
[PlyCount "56"]
[EventDate "2011.??.??"]

1. f4 d5 2. Nf3 Bf5 3. g3 Nf6 4. Bg2 e6 5. e3 c5 6. O-O Nc6 7. b3 Be7 8. Bb2
Qb6 9. Na3 Rd8 10. Rc1 a5 11. Qe2 O-O 12. Kh1 d4 13. Rfe1 d3 14. Nc4 Qa6 15.
cxd3 Bxd3 16. Qf2 Ne4 17. Qg1 f6 18. Red1 b5 19. Na3 Nb4 20. Ne1 Qd6 21. Bxe4
Bxe4+ 22. Ng2 Qc6 23. Rc3 Nxa2 24. Rcc1 Bf3 25. Ra1 Nb4 26. Rf1 Rxd2 27. Rf2
Rfd8 28. Rxd2 Rxd2 0-1

[Event "K41 Foraars EMT Gruppe D 2011"]
[Site "Valby"]
[Date "2011.04.18"]
[Round "4"]
[White "Wadtland, Flemming"]
[Black "Karup, Jesper"]
[Result "0-1"]
[WhiteElo "1493"]
[BlackElo "1759"]
[PlyCount "84"]
[EventDate "2011.??.??"]

1. b4 e5 2. Bb2 f6 3. a3 d5 4. e3 Be6 5. Ne2 Bd6 6. Ng3 Ne7 7. Nc3 c6 8. Be2
Qc7 9. d3 Nd7 10. Bf3 O-O-O 11. Na4 g6 12. Rc1 a5 13. Bc3 b5 14. Nb2 a4 15. Bd2
Nb6 16. e4 d4 17. c4 dxc3 18. Bxc3 f5 19. O-O fxe4 20. Nxe4 Nbd5 21. Nxd6+ Qxd6
22. Bd2 Nf5 23. Qe1 Nd4 24. Bg5 Nxf3+ 25. gxf3 Rdf8 26. Bh4 Bh3 27. Bg3 Nf4 28.
Qe4 Kb7 29. Rfe1 Rf5 30. Rc5 Kb6 31. Rxe5 Rxe5 32. Qxe5 Qxe5 33. Rxe5 Nd5 34.
Re1 Rf8 35. Be5 Rxf3 36. Bd4+ Kc7 37. Bc5 Nf4 38. Re7+ Kd8 39. Rxh7 Nxd3 40.
Nxd3 Rxd3 41. Bb6+ Ke8 42. Rh4 Rd1# 0-1

[Event "K41 Foraars EMT Gruppe D 2011"]
[Site "Valby"]
[Date "2011.04.26"]
[Round "5"]
[White "Karup, Jesper"]
[Black "Christensen, Aage Niels"]
[Result "1/2-1/2"]
[WhiteElo "1759"]
[BlackElo "1511"]
[PlyCount "60"]
[EventDate "2011.??.??"]

1. e4 e6 2. d3 d5 3. Nd2 c5 4. g3 Nc6 5. Bg2 g6 6. Ngf3 Bg7 7. O-O Nge7 8. Re1
O-O 9. Qe2 Re8 10. Nf1 Nd4 11. Qd1 Bd7 12. c3 Nxf3+ 13. Bxf3 Bc6 14. Bd2 dxe4
15. dxe4 Qb6 16. Qc2 Qc7 17. Ne3 Rad8 18. Ng4 Rd7 19. Nh6+ Kf8 20. Be3 Red8 21.
Rad1 b6 22. h4 Ng8 23. Nxg8 Kxg8 24. Rxd7 Rxd7 25. h5 Qd8 26. hxg6 hxg6 27. Be2
Bf6 28. Bf3 Bg5 29. Bxg5 Qxg5 30. Rd1 Qd8 1/2-1/2

[Event "K41 Foraars EMT Gruppe D 2011"]
[Site "Valby"]
[Date "2011.04.26"]
[Round "5"]
[White "Haagen Larsen, Hans"]
[Black "Wadtland, Flemming"]
[Result "1/2-1/2"]
[WhiteElo "1488"]
[BlackElo "1493"]
[PlyCount "129"]
[EventDate "2011.??.??"]

1. d4 Nf6 2. Nf3 d5 3. Bf4 e6 4. e3 Be7 5. Be2 Nh5 6. Nc3 Nxf4 7. exf4 Bb4 8.
Qd3 h6 9. h4 Qf6 10. g3 a6 11. O-O-O Bd7 12. Ne5 Qf5 13. Qd2 Nc6 14. g4 Qf6 15.
g5 Qe7 16. Bh5 Nxe5 17. fxe5 O-O-O 18. g6 f5 19. exf6 Qxf6 20. f3 Rhf8 21. Kb1
Bb5 22. Qe3 Be8 23. Bg4 Rd6 24. h5 Kb8 25. Rd3 Bd7 26. Rf1 Re8 27. Ne2 e5 28.
Bxd7 Rxd7 29. c3 Bd6 30. Qf2 Qf5 31. Kc2 Qxh5 32. Qg2 Re6 33. Qg4 Qxg6 34. Qxg6
Rxg6 35. dxe5 Bxe5 36. f4 Bf6 37. Ng3 c6 38. Nf5 Rg2+ 39. Kb3 Kc7 40. Re3 c5
41. a4 d4 42. Re6 Rd5 43. Nxh6 dxc3 44. bxc3 Rd3 45. Rc1 Rgg3 46. Ng8 Rxc3+ 47.
Rxc3 Rxc3+ 48. Ka2 Rc2+ 49. Ka3 Kd7 50. Rb6 Kc7 51. Re6 Bd8 52. Rg6 Bf6 53.
Nxf6 gxf6 54. Rxf6 Rd2 55. Rf7+ Kc6 56. f5 Rd6 57. a5 Rd4 58. Rf6+ Kd5 59. Rb6
Rd3+ 60. Kb2 Rf3 61. Rxb7 Rxf5 62. Rb6 Kc4 63. Rxa6 Kb5 64. Ra8 Rf4 65. Kb3
1/2-1/2

[Event "K41 Foraars EMT Gruppe D 2011"]
[Site "Valby"]
[Date "2011.04.26"]
[Round "5"]
[White "Ree, Morten"]
[Black "Ibsen, Johan"]
[Result "0-1"]
[WhiteElo "1659"]
[BlackElo "1657"]
[PlyCount "56"]
[EventDate "2011.??.??"]

1. Nf3 f5 2. g3 Nf6 3. Bg2 e6 4. O-O Be7 5. c4 O-O 6. Nc3 d6 7. d3 Qe8 8. b4
Nbd7 9. Nb5 Bd8 10. Qb3 Kh8 11. Ba3 e5 12. c5 d5 13. Rad1 a6 14. Nc3 c6 15.
Rfe1 e4 16. dxe4 fxe4 17. Nd4 Ne5 18. Bc1 Qh5 19. f4 Neg4 20. h3 Nh6 21. g4
Nhxg4 22. Nxe4 Nxe4 23. hxg4 Bxg4 24. Nf3 Bh3 25. Ne5 Bxg2 26. Kxg2 Bh4 27. Qh3
Rf5 28. Be3 Bxe1 0-1

[Event "K41 Foraars EMT Gruppe D 2011"]
[Site "Valby"]
[Date "2011.04.26"]
[Round "5"]
[White "Sandbech, Ted"]
[Black "Krogh, Soren"]
[Result "1-0"]
[WhiteElo "1695"]
[BlackElo "1265"]
[PlyCount "73"]
[EventDate "2011.??.??"]

1. Nf3 f5 2. d4 Nf6 3. c4 g6 4. Nc3 Bg7 5. Bg5 O-O 6. e3 d6 7. Bd3 c6 8. O-O
Qc7 9. Rc1 e5 10. dxe5 dxe5 11. e4 Na6 12. Qe2 Re8 13. a3 Bd7 14. b4 Rac8 15.
c5 Nb8 16. Rfd1 Ng4 17. h3 Nf6 18. Qd2 f4 19. Bc4+ Kh8 20. Bxf6 Bxf6 21. b5 b6
22. bxc6 Bxc6 23. cxb6 axb6 24. Nb5 Qe7 25. Nd6 Ba4 26. Nxc8 Rxc8 27. Re1 Nc6
28. Qb2 Na5 29. Ba6 Rb8 30. Rc8+ Rxc8 31. Bxc8 Qd6 32. Qb4 Qd8 33. Qxa4 Qxc8
34. Rd1 Qc4 35. Qe8+ Kg7 36. Rd7+ Kh6 37. Qf8+ 1-0

[Event "K41 Foraars EMT Gruppe D 2011"]
[Site "Valby"]
[Date "2011.05.03"]
[Round "6"]
[White "Christensen, Aage Niels"]
[Black "Ibsen, Johan"]
[Result "1/2-1/2"]
[WhiteElo "1511"]
[BlackElo "1657"]
[PlyCount "44"]
[EventDate "2011.??.??"]

1. d4 e6 2. e4 d5 3. Nd2 Nf6 4. e5 Nfd7 5. Ndf3 c5 6. c3 Nc6 7. Bd3 cxd4 8.
cxd4 Qb6 9. Ne2 Be7 10. O-O O-O 11. a3 Re8 12. Qc2 Nf8 13. Ng5 Bxg5 14. Bxg5
Nxd4 15. Nxd4 Qxd4 16. Rae1 Bd7 17. Qd1 Ng6 18. Bxg6 Qxd1 19. Bxf7+ Kxf7 20.
Rxd1 Bb5 21. Rfe1 h6 22. Be3 Rec8 1/2-1/2

[Event "K41 Foraars EMT Gruppe D 2011"]
[Site "Valby"]
[Date "2011.05.03"]
[Round "6"]
[White "Karup, Jesper"]
[Black "Haagen Larsen, Hans"]
[Result "1-0"]
[WhiteElo "1759"]
[BlackElo "1488"]
[PlyCount "76"]
[EventDate "2011.??.??"]

1. e4 e6 2. d3 d5 3. Nd2 c5 4. Ngf3 d4 5. g3 Nc6 6. Bg2 Bd6 7. O-O e5 8. Nc4
Nge7 9. Nh4 O-O 10. Nxd6 Qxd6 11. f4 Ng6 12. Nxg6 fxg6 13. fxe5 Rxf1+ 14. Qxf1
Nxe5 15. Bf4 Bd7 16. Bh3 Rf8 17. Qg2 Bxh3 18. Qxh3 Qd7 19. Qxd7 Nxd7 20. Rf1 h6
21. Kg2 g5 22. Bc7 Rxf1 23. Kxf1 Kf7 24. Ke2 g4 25. c3 Ke6 26. cxd4 cxd4 27.
Kd2 b6 28. Kc2 Nf6 29. Kb3 b5 30. Kb4 Kd7 31. Be5 Kc6 32. Bxd4 a6 33. Bxf6 gxf6
34. d4 Kb6 35. Kc3 a5 36. Kd3 Kc6 37. Ke3 b4 38. Kf4 h5 1-0

[Event "K41 Foraars EMT Gruppe D 2011"]
[Site "Valby"]
[Date "2011.05.03"]
[Round "6"]
[White "Krogh, Soren"]
[Black "Ree, Morten"]
[Result "0-1"]
[WhiteElo "1265"]
[BlackElo "1659"]
[PlyCount "62"]
[EventDate "2011.??.??"]

1. d4 Nf6 2. c4 e6 3. Nc3 c5 4. d5 exd5 5. cxd5 d6 6. e4 g6 7. f4 Bg7 8. Bb5+
Nfd7 9. Nf3 O-O 10. O-O Re8 11. Re1 a6 12. Bd3 b5 13. a4 c4 14. Bc2 b4 15. Ne2
Nc5 16. Ned4 Bg4 17. h3 Bxf3 18. Nxf3 Qb6 19. Kh1 b3 20. Bb1 c3 21. a5 Qb5 22.
e5 c2 23. Bxc2 bxc2 24. Qxc2 Qd3 25. Qd2 Nbd7 26. e6 fxe6 27. dxe6 Qxd2 28.
Nxd2 Rxe6 29. Nf3 Rae8 30. Rf1 Nb3 31. Ra3 Nxc1 0-1

[Event "K41 Foraars EMT Gruppe D 2011"]
[Site "Valby"]
[Date "2011.05.03"]
[Round "6"]
[White "Wadtland, Flemming"]
[Black "Sandbech, Ted"]
[Result "0-1"]
[WhiteElo "1493"]
[BlackElo "1695"]
[PlyCount "82"]
[EventDate "2011.??.??"]

1. b4 e6 2. Bb2 Nf6 3. c4 Bxb4 4. Nf3 Nc6 5. Nc3 O-O 6. e3 d5 7. cxd5 exd5 8.
Qc2 Bg4 9. d4 Ne4 10. Nd2 Bxc3 11. Bxc3 Nxc3 12. Qxc3 Bf5 13. Rc1 Re8 14. Bb5
Bd7 15. Nb3 a6 16. Bd3 b6 17. h3 Qg5 18. Rh2 Re7 19. Be2 Rae8 20. Rc2 Rxe3 21.
fxe3 Qg3+ 22. Kd1 Qxh2 23. Bf3 Qd6 24. Kc1 Rc8 25. Kd1 Nb4 26. Rd2 Nc6 27. Rc2
Ne7 28. Qe1 c5 29. Qe2 c4 30. Bg4 cxb3 31. Rxc8+ Bxc8 32. Bxc8 Nxc8 33. Qxa6
Qc6 34. axb3 h6 35. Qd3 Nd6 36. Qc2 Qxc2+ 37. Kxc2 Kf8 38. Kd3 Ke7 39. g4 Ne4
40. Ke2 g5 41. Ke1 Kd6 0-1

[Event "K41 Foraars EMT Gruppe D 2011"]
[Site "Valby"]
[Date "2011.05.10"]
[Round "7"]
[White "Haagen Larsen, Hans"]
[Black "Christensen, Aage Niels"]
[Result "1-0"]
[WhiteElo "1488"]
[BlackElo "1511"]
[PlyCount "125"]
[EventDate "2011.??.??"]

1. d4 Nf6 2. Nf3 g6 3. Bf4 Bg7 4. e3 d6 5. Be2 O-O 6. c4 Nbd7 7. h3 c5 8. Nc3
Re8 9. d5 Qa5 10. Qd2 Nb6 11. O-O Na4 12. Nxa4 Qxa4 13. Bd3 a6 14. e4 Nd7 15.
Bh6 Ne5 16. Nxe5 Bxe5 17. f4 Bg7 18. f5 b5 19. Bxg7 Kxg7 20. fxg6 hxg6 21. b3
Qb4 22. Qf4 Rf8 23. Rae1 bxc4 24. Bxc4 Bd7 25. e5 Qb6 26. a4 Qc7 27. exd6 Qxd6
28. Qxd6 exd6 29. Re7 Bc8 30. Rc7 a5 31. Re1 Ba6 32. Rd7 Bxc4 33. bxc4 Rfd8 34.
Ree7 Rxd7 35. Rxd7 Ra6 36. Kf2 Kf8 37. Ke3 Ke8 38. Rb7 Ra8 39. Kf4 Kf8 40. g4
Kg7 41. h4 Ra6 42. Kg5 Ra8 43. h5 gxh5 44. gxh5 Re8 45. h6+ Kg8 46. Kf6 Re4 47.
Ra7 Rf4+ 48. Ke7 Rxc4 49. Rxa5 f5 50. Kxd6 f4 51. Ra7 f3 52. h7+ Kh8 53. Rf7
Rxa4 54. Kxc5 Rh4 55. d6 Rxh7 56. Rxf3 Rh1 57. Rd3 Rc1+ 58. Kd5 Rc8 59. d7 Rg8
60. Kd6 Rg6+ 61. Kc7 Rg7 62. Rh3+ Kg8 63. Kc8 1-0

[Event "K41 Foraars EMT Gruppe D 2011"]
[Site "Valby"]
[Date "2011.05.10"]
[Round "7"]
[White "Ree, Morten"]
[Black "Wadtland, Flemming"]
[Result "1-0"]
[WhiteElo "1659"]
[BlackElo "1493"]
[PlyCount "109"]
[EventDate "2011.??.??"]

1. Nf3 d5 2. g3 Nf6 3. Bg2 g6 4. c4 c5 5. O-O Nc6 6. cxd5 Nxd5 7. d4 e6 8. e4
Nf6 9. e5 Nd5 10. Nc3 cxd4 11. Nb5 a6 12. Bg5 Qd7 13. Nbxd4 h6 14. Nxc6 hxg5
15. Na5 Be7 16. Nc4 g4 17. Nfd2 b5 18. Nd6+ Bxd6 19. exd6 Qxd6 20. Ne4 Qe7 21.
Qxg4 Ra7 22. Ng5 Nf6 23. Qd4 O-O 24. Rfe1 Rd8 25. Qe3 Rad7 26. Rac1 Rd3 27. Qf4
R3d4 28. Qe5 Ng4 29. Rc7 Nxe5 30. Rxe7 Rd1 31. Kf1 Rxe1+ 32. Kxe1 Bd7 33. f4
Kf8 34. Rxd7 Nxd7 35. Ne4 Ke7 36. a3 Nf6 37. Nc5 Rd6 38. Nb7 Nd5 39. Nxd6 Kxd6
40. Kd2 Kc5 41. Kd3 a5 42. Bf3 a4 43. Bd1 Nf6 44. h4 Nh5 45. Bxh5 gxh5 46. g4
hxg4 47. h5 g3 48. Ke3 g2 49. Kf2 Kc4 50. h6 Kb3 51. h7 Kxb2 52. h8=Q+ Kxa3 53.
Qc3+ Ka2 54. Kxg2 a3 55. Kf2 1-0

[Event "K41 Foraars EMT Gruppe D 2011"]
[Site "Valby"]
[Date "2011.05.10"]
[Round "7"]
[White "Sandbech, Ted"]
[Black "Karup, Jesper"]
[Result "1/2-1/2"]
[WhiteElo "1695"]
[BlackElo "1759"]
[PlyCount "40"]
[EventDate "2011.??.??"]

1. Nf3 e6 2. e4 d5 3. exd5 exd5 4. d4 Bd6 5. Be2 Nf6 6. Bg5 h6 7. Bh4 O-O 8.
O-O Re8 9. Nc3 c6 10. Re1 Bf5 11. Qd2 Nbd7 12. Bd3 Bxd3 13. Qxd3 Qc7 14. Bg3 b5
15. Rxe8+ Rxe8 16. Bxd6 Qxd6 17. a3 Re6 18. Re1 Rxe1+ 19. Nxe1 Qe6 20. Qe2 Qxe2
1/2-1/2